Maxwell's Silver Hammer - The Beatles (all lyrics) - Statistics

General Stats
  • This quiz has been taken 49 times
  • The average score is 165 of 240
Answer Stats
Answer % Correct
Max
97%
Maxwell
97%
(Maxwell
97%
hammer
94%
silver
94%
Silver
94%
a
92%
A
92%
I
92%
'I
92%
Bang
89%
Bang!
89%
he
89%
He
89%
the
89%
The
89%
down
86%
head
86%
her
86%
Maxwell's
86%
'We
86%
Came
83%
in
83%
on
83%
she
83%
She
83%
was
83%
up
81%
an
78%
dead
78%
that
78%
to
75%
Edison
72%
go
72%
his
72%
oh
72%
sure
72%
upon
72%
be
69%
Made
69%
when
69%
majoring
67%
medicine
67%
So
67%
so'
67%
so
67%
and
64%
home
64%
Joan
64%
Joan?'
64%
quizzical
64%
Science
64%
Teacher
64%
Back
61%
back
61%
behind
61%
comes
61%
from
61%
not
61%
pictures
61%
school
61%
studied
61%
you
61%
again
58%
alone
58%
annoyed
58%
boy
58%
gets
58%
out
58%
phone
58%
stay
58%
tells
58%
with
58%
as
56%
away
56%
But
56%
'Can
56%
does
56%
fool
56%
plays
56%
she's
56%
take
56%
all
53%
class
53%
door
53%
getting
53%
has
53%
knock
53%
must
53%
ready
53%
times
53%
turns
53%
Writing
53%
50
50%
Calls
50%
gone
50%
nights
50%
Say
50%
test
50%
them
50%
tube
50%
agree
47%
avoid
47%
Clang
47%
Clang!
47%
judge
47%
Late
47%
one'
47%
said
47%
stands
47%
Wishing
47%
free
44%
free)
44%
scene
44%
unpleasant
44%
waits
44%
are
42%
dirty
42%
gallery
42%
Valerie
42%
creeps
39%
leaving
39%
noise
39%
Rose
39%
screaming
39%
words
39%
lips
36%
pataphysical
33%
testimonial
33%
Painting
31%
caught
28%
P.C.31
28%
man
19%
No matching quizzes found
Score Distribution
Percent of People with Each Score
Percentile by Number Answered
Your Score History
You have not taken this quiz